[Event "ESP-ch U14 rapid"]
[Site "Salobrena"]
[Date "2023.07.23"]
[Round "8"]
[White "Pardo Ruiz, Beatriz"]
[Black "Rodriguez Antequera, Biel"]
[Result "0-1"]
[WhiteElo "1351"]
[BlackElo "1538"]
[PlyCount "86"]
[EventDate "2023.07.22"]
[EventType "swiss (rapid)"]
[EventRounds "9"]
[EventCountry "ESP"]
[SourceTitle "EXT 2024"]
[Source "ChessBase"]
[SourceDate "2023.10.10"]
[SourceVersion "1"]
[SourceVersionDate "2023.10.10"]
[SourceQuality "1"]

1. e4 e5 2. Nf3 Nc6 3. Bc4 Nf6 4. Ng5 d5 5. exd5 b5 6. Bxb5 Qxd5 7. Nc3 Qxg2 8. Qf3 Qxf3 9. Nxf3 Bd7 10. d3 Bd6 11. Bg5 Rb8 12. Bxf6 gxf6 13. a3 Nd4 14. Bxd7+ Kxd7 15. Nxd4 exd4 16. Na4 Rhe8+ 17. Kd2 Re5 18. Rae1 Ra5 19. b3 Bxa3 20. Reg1 Bb4+ 21. Kd1 Rg5 22. Rxg5 fxg5 23. Rg1 h6 24. Rg4 c5 25. h4 f5 26. Rg1 Re8 27. hxg5 hxg5 28. Kc1 g4 29. Rg3 Re1+ 30. Kb2 Re2 31. f3 Re3 32. Rg2 Rxf3 33. Ka2 Kd6 34. Kb2 g3 35. Ka2 f4 36. Kb2 Rf2 37. Rg1 g2 38. Rxg2 Rxg2 39. Kc1 f3 40. c3 f2 41. Nb2 f1R+ 42. Nd1 Ba3+ 43. Kb1 Rxd1# 0-1

[Event "ESP-ch U14"]
[Site "Salobrena"]
[Date "2022.07.18"]
[Round "1"]
[White "Tudela Gonzalez, Victor"]
[Black "Rodriguez Antequera, Biel"]
[Result "0-1"]
[WhiteElo "1942"]
[BlackElo "1458"]
[PlyCount "110"]
[EventDate "2022.07.18"]
[EventType "swiss"]
[EventRounds "9"]
[EventCountry "ESP"]
[SourceTitle "EXT 2023"]
[Source "ChessBase"]
[SourceDate "2022.10.05"]
[SourceVersion "1"]
[SourceVersionDate "2022.10.05"]
[SourceQuality "1"]

1. d4 d5 2. c4 e6 3. Nc3 Nf6 4. Nf3 Be7 5. Bf4 0-0 6. e3 dxc4 7. Bxc4 c5 8. 0-0 cxd4 9. exd4 Nc6 10. Qd2 Nb4 11. Rfe1 b6 12. Rac1 Bb7 13. a3 Bxf3 14. gxf3 Rc8 15. Bf1 Nbd5 16. Ba6 Nxf4 17. Bxc8 Nh3+ 18. Kg2 Nh5 19. Kxh3 Bg5 20. Qc2 Bxc1 21. Qxc1 Qxc8 22. Qg5 g6 23. Kg2 Qd8 24. Qe5 Qf6 25. Qe3 Nf4+ 26. Kh1 Rd8 27. Rd1 Nd5 28. Ne4 Qf4 29. Qd3 Nf6 30. Kg2 Rd5 31. Qe3 Qh4 32. Rh1 Nxe4 33. fxe4 Rg5+ 34. Kf1 Rg4 35. f3 Qh3+ 36. Ke2 Rg2+ 37. Kd3 Rxb2 38. Kc3 Rxh2 39. Rd1 Qg2 40. Rc1 Qb2+ 41. Kd3 Qxa3+ 42. Rc3 Qa6+ 43. Rc4 Rc2 44. Kxc2 Qxc4+ 45. Kd2 a5 46. Ke1 Qb4+ 47. Kf2 a4 48. e5 a3 49. Qe4 Qa4 50. Qh4 Qa8 51. Qh1 a2 52. Qa1 b5 53. Ke3 b4 54. Kd3 Qa3+ 55. Ke4 b3 0-1

[Event "ESP-ch U12"]
[Site "Salobrena"]
[Date "2021.07.08"]
[Round "6"]
[White "Gil Jimenez, Ruben"]
[Black "Rodriguez Antequera, Biel"]
[Result "1-0"]
[WhiteElo "1412"]
[BlackElo "1163"]
[PlyCount "181"]
[EventDate "2021.07.05"]
[EventType "swiss"]
[EventRounds "9"]
[EventCountry "ESP"]
[SourceTitle "EXT 2022"]
[Source "ChessBase"]
[SourceDate "2021.10.06"]
[SourceVersion "1"]
[SourceVersionDate "2021.10.06"]
[SourceQuality "1"]

1. d4 d5 2. c4 Nf6 3. Nc3 c5 4. cxd5 Nxd5 5. Nxd5 Qxd5 6. Nf3 Nc6 7. dxc5 Qxd1+ 8. Kxd1 e5 9. b3 Bxc5 10. e3 Bf5 11. Bc4 Rd8+ 12. Ke2 Ke7 13. Bb2 f6 14. Nh4 Bc2 15. Rac1 Nb4 16. a3 Bd3+ 17. Bxd3 Nxd3 18. Rc2 Bb6 19. Bc3 Nc5 20. Bb4 g5 21. Nf5+ Ke6 22. Ng7+ Kf7 23. Bxc5 Rc8 24. Rhc1 Kxg7 25. Bxb6 Rxc2+ 26. Rxc2 axb6 27. Rc7+ Kg6 28. Rxb7 Ra8 29. a4 Ra6 30. e4 h5 31. f3 f5 32. Kd3 fxe4+ 33. Kxe4 Kf6 34. Rc7 Ra5 35. Rc6+ Ke7 36. Rh6 h4 37. Rg6 b5 38. axb5 Rxb5 39. Rxg5 Kf6 40. Rh5 Rxb3 41. Rh6+ Kg7 42. Rh5 Kf6 43. g3 hxg3 44. hxg3 Rb1 45. Rf5+ Kg6 46. Rxe5 Ra1 47. Kf4 Ra4+ 48. Re4 Ra5 49. g4 Ra3 50. Re6+ Kf7 51. Rb6 Ra4+ 52. Kg3 Ra3 53. g5 Kg7 54. Kg4 Kf7 55. f4 Ra5 56. g6+ Kg7 57. f5 Ra1 58. Rb7+ Kf6 59. Rf7+ Ke5 60. Kg5 Rh1 61. Re7+ Kd6 62. Kf6 Rh6 63. Re6+ Kd7 64. Kg7 Rh1 65. Rf6 Ke7 66. Rf7+ Ke8 67. f6 Rd1 68. Re7+ Kd8 69. f7 Kxe7 70. f8Q+ Ke6 71. Qf6+ Kd7 72. Qf5+ Kd8 73. Kf7 Rd7+ 74. Qxd7+ Kxd7 75. Kf8 Ke6 76. g7 Ke5 77. g8Q Kd4 78. Qg5 Ke4 79. Ke7 Kd4 80. Qf5 Ke3 81. Qg4 Kd3 82. Qf4 Kc3 83. Qe4 Kd2 84. Qf3 Kc2 85. Qe3 Kb2 86. Qd3 Kc1 87. Qe2 Kb1 88. Kd6 Kc1 89. Kc5 Kb1 90. Kb4 Kc1 91. Kb3 1-0

[Event "Salou Salauris op 1st"]
[Site "Salou"]
[Date "2021.06.27"]
[Round "7"]
[White "Rodriguez Antequera, Biel"]
[Black "Caba Torra, Joan"]
[Result "0-1"]
[WhiteElo "1163"]
[BlackElo "1769"]
[PlyCount "58"]
[EventDate "2021.06.25"]
[EventType "swiss"]
[EventRounds "7"]
[EventCountry "ESP"]
[SourceTitle "CBM 203 Extra"]
[Source "ChessBase"]
[SourceDate "2021.09.30"]
[SourceVersion "1"]
[SourceVersionDate "2021.09.30"]
[SourceQuality "1"]

1. d4 d5 2. c4 e6 3. Nf3 c5 4. e3 a6 5. Nbd2 dxc4 6. Bxc4 b5 7. Be2 Bb7 8. b3 cxd4 9. exd4 Nf6 10. 0-0 Nd5 11. Bb2 Bd6 12. Re1 Nd7 13. Bd3 0-0 14. Ne4 Bb4 15. Re2 Rc8 16. Rc1 Qe7 17. Neg5 h6 18. Ne4 N7b6 19. Rec2 Rxc2 20. Rxc2 f5 21. Ng3 Bd6 22. Re2 Nf4 23. Re3 Nbd5 24. Re1 Bb4 25. Rf1 Rc8 26. Ne5 Nxg2 27. Be4 Ngf4 28. Bh1 Nh3+ 29. Kg2 Ndf4# 0-1

[Event "Salou Salauris op 1st"]
[Site "Salou"]
[Date "2021.06.26"]
[Round "4"]
[White "Rodriguez Antequera, Biel"]
[Black "Benet Saniger, Xavier"]
[Result "0-1"]
[WhiteElo "1163"]
[BlackElo "1710"]
[PlyCount "138"]
[EventDate "2021.06.25"]
[EventType "swiss"]
[EventRounds "7"]
[EventCountry "ESP"]
[SourceTitle "CBM 203 Extra"]
[Source "ChessBase"]
[SourceDate "2021.09.30"]
[SourceVersion "1"]
[SourceVersionDate "2021.09.30"]
[SourceQuality "1"]

1. d4 d5 2. c4 dxc4 3. Nf3 Nf6 4. Nc3 Bf5 5. e3 e6 6. Bxc4 c6 7. 0-0 Nbd7 8. Re1 Be7 9. e4 Bg4 10. e5 Nd5 11. Nxd5 cxd5 12. Bd3 Rc8 13. Bf4 Bh5 14. Re3 Bg6 15. Ne1 a6 16. Rh3 Bxd3 17. Nxd3 b5 18. Qg4 g6 19. Bh6 Bf8 20. Bf4 Rc4 21. Bh6 Qb6 22. Bxf8 Kxf8 23. Rh4 h5 24. Qf4 Ke8 25. Ne1 Qc7 26. Rh3 Rf8 27. Nf3 Kd8 28. Ng5 Kc8 29. Rf3 Nxe5 30. Nxe6 Nxf3+ 31. gxf3 Qxf4 32. Nxf4 Rxd4 33. Ne2 Rd2 34. Nc3 Re8 35. Rc1 Kd7 36. Kg2 f5 37. Kg3 d4 38. Nd5 Kd6 39. Nf4 Rxb2 40. Nxg6 Rg8 41. Kf4 Rxg6 42. Kxf5 Rg2 43. Rd1 Kd5 44. Re1 Rbxf2 45. Re5+ Kc4 46. f4 Rg4 47. Re4 Kc3 48. Ke5 Rfxf4 49. Re1 Re4+ 50. Rxe4 Rxe4+ 51. Kxe4 d3 52. Ke3 Kc2 53. Kf4 d2 54. h4 d1Q 55. Kg5 Qg4+ 56. Kf6 Qxh4+ 57. Ke5 Kc3 58. Kd5 Qd4+ 59. Ke6 Kc4 60. Kf5 h4 61. Kg5 h3 62. Kf5 h2 63. Ke6 h1R 64. Kf5 Rh5+ 65. Kg6 Rc5 66. Kf7 Qd6 67. Ke8 Qb6 68. a4 Rc7 69. axb5 Qb8# 0-1